Loading...
| Fine Arts - Painting and Sculpture | 0 | 4 | 0 | 0 | 40 | 92 | 108.25 | 1 | 4 | 7.22 | 28.79 |
| History - World | 0 | 4 | 0 | 0 | 40 | 84 | 111.25 | 0 | 2 | 4.21 | 12.12 |
| History - Other | 0 | 4 | 1 | 2 | 35 | 96 | 125.75 | 0 | 2 | 1.21 | 13.64 |
| Social Science | 0 | 2 | 0 | 0 | 20 | 97 | 101.00 | 0 | 2 | 2.85 | 13.64 |
| Literature - American | 0 | 1 | 0 | 0 | 10 | 112 | 112.00 | 0 | 0 | 2.02 | 4.55 |
| Geography | 0 | 1 | 0 | 0 | 10 | 82 | 82.00 | 0 | 1 | 9.23 | 16.67 |
| History - European | 0 | 1 | 0 | 0 | 10 | 111 | 111.00 | 0 | 1 | 1.73 | 7.58 |
| Science - Biology | 0 | 1 | 0 | 1 | 10 | 130 | 130.00 | 0 | 0 | 0.00 | 1.52 |
| Science - Other | 0 | 1 | 0 | 0 | 10 | 137 | 137.00 | 0 | 1 | 0.38 | 6.06 |
| Literature - World | 0 | 1 | 0 | 0 | 10 | 71 | 71.00 | 0 | 1 | 4.61 | 7.58 |
| Other Academic | 0 | 1 | 0 | 0 | 10 | 121 | 121.00 | 0 | 1 | 20.92 | 83.33 |
| Pop Culture | 0 | 1 | 0 | 0 | 10 | 87 | 87.00 | 0 | 1 | 11.36 | 22.22 |
| History - American | 0 | 1 | 1 | 0 | 5 | 76 | 76.00 | 0 | 1 | 3.74 | 6.06 |
| Fine Arts - Other | 0 | 0 | 0 | 0 | 0 | 0.00 | 0 | 0 | 0.00 | 0.00 |